Elefantes telefónicos /

En el barrio "Mediados de Febrero" las posibilidades del humor llegan al límite de lo ridículo y provocan situaciones únicas. Astronautas, elefantes, lobos feroces y dentistas se entrecruzan en esta historia desopilante de amor y aventuras.

Guardado en:
Autor Principal: Muzzio, Diego.
Otros Autores: Quiroga, Camilo.
Formato: Libro
Idioma:Undetermined
Publicado: Boulogne : Estrada, 2015.
Edición:1a ed.
Series:Azulejos. Naranja ; 60
Materias:
Etiquetas: Agregar Etiqueta
Sin Etiquetas, Sea el primero en etiquetar este registro!
LEADER 00998nam a22002415a 4500
001 CEM.cems020300
008 230803s2015####xx############000#0#und#d
005 20230803184801.0
245 1 0 |a Elefantes telefónicos /  |c Diego Muzzio ; ilustrado por Camilo Quiroga. 
250 |a 1a ed. 
260 |a Boulogne :  |b Estrada,  |c 2015. 
300 |a 144 p. 
490 1 |a Azulejos. Naranja ;  |v 60 
500 |a Con actividades de comprensión de lectura. 
520 |a En el barrio "Mediados de Febrero" las posibilidades del humor llegan al límite de lo ridículo y provocan situaciones únicas. Astronautas, elefantes, lobos feroces y dentistas se entrecruzan en esta historia desopilante de amor y aventuras. 
020 |a 97895001147593 
100 1 |a Muzzio, Diego. 
700 1 |a Quiroga, Camilo. 
653 |a Literatura infantil y juvenil 
653 |a Novela argentina 
653 |a Literatura argentina 
653 |a Novela de humor 
859 |a CEMS  |b BIB. CEMS - Inicial y Primaria  |h A863.4  |i M989  |k IP  |p 6121  |t Ej.1